| 000 | 00410nam a2200181Ia 4500 | ||
|---|---|---|---|
| 005 | 20250423095316.0 | ||
| 008 | 250422s9999 xx 000 0 und d | ||
| 020 | _a9789784982603 | ||
| 050 | _aKP 147 .O4/ | ||
| 100 | _aOlakanmi, Jide | ||
| 245 | 0 | _aEvidence act 2011 | |
| 260 | _aAbuja | ||
| 260 | _bLawLords | ||
| 260 | _c2011 | ||
| 300 | _a254 p | ||
| 650 | _aEvidence (Law)--Nigeria. | ||
| 942 | _cBK | ||
| 999 |
_c29879 _d29879 |
||